| 000 | 00576nam a2200229 a 4500 | ||
|---|---|---|---|
| 001 | 157667 | ||
| 003 | OSt | ||
| 005 | 20211231112708.0 | ||
| 008 | 200624 ### ENG | ||
| 020 | _a9788174092793 | ||
| 082 |
_a621.317 _bB51P |
||
| 100 | _aBimbhra, P.S. | ||
| 245 |
_aPower electronics _cby P.S. Bimbhra |
||
| 250 | _a6th ed. | ||
| 260 |
_aNew Delhi _bKhanna Publishers _c2018 |
||
| 300 | _a1024p. | ||
| 653 | _aPower electronics | ||
| 653 | _aSemiconductors | ||
| 653 | _aElectric controllers | ||
| 653 | _aSemiconductor switches | ||
| 942 |
_2ddc _cBK |
||
| 999 |
_c20006 _d20006 |
||